| 000 | 01420cad a22002415a 4500 | ||
|---|---|---|---|
| 001 | E146103 | ||
| 008 | 081112s2008 xxk f s000 0 eng d | ||
| 035 | _a(Sirsi) u146103 | ||
| 041 | 0 | _aeng | |
| 110 | 2 |
_aScotland _kLaws, etc |
|
| 245 | 0 | 4 |
_aThe Private Landlord Registration (Advice and Assistance) (Scotland) Amendment Regulations 2008 _h[electronic resource] |
| 260 |
_aEdinburgh _bScottish Government _c2008 |
||
| 490 | 0 |
_aScottish Statutory Instrument _v2008: 402 |
|
| 520 | _aComes into force on 12 February 2009. The Regulations amend the Private Landlord Registration (Advice and Assistance) (Scotland) Regulations 2005 to allow for general advice to be provided by the local authority to tenants and potential tenants, in addition to provisions made previously in relation to the registration of private landlords under Part 8 of the Antisocial Behaviour etc. (Scotland) Act 2004. | ||
| 521 | _aAdvanced | ||
| 590 | _aKA | ||
| 650 | 2 | 4 | _aPRIVATE LANDLORD REGISTRATION (ADVICE AND ASSISTANCE) (SCOTLAND) AMENDMENT REGULATIONS 2008 |
| 650 | 2 | 4 | _aPRIVATE LANDLORD REGISTRATION (ADVICE AND ASSISTANCE) (SCOTLAND) REGULATIONS 2005 |
| 651 | 4 |
_aScotland _y1999- |
|
| 690 | _aPROPERTY-RESIDENTIAL PROPERTY-RESIDENTIAL LANDLORD AND TENANT | ||
| 856 | 4 | 0 |
_uhttps://www.opsi.gov.uk/legislation/scotland/ssi2008/ssi_20080402_en_1 _zView the statutory instrument free of charge at www.opsi.gov.uk... |
| 942 | _n0 | ||
| 999 |
_c109045 _d109045 |
||